Classical dictionary of biography, mythology, and geography = Un diccionario de la biografía clásica, la mitología y la geografía /
Enregistré dans:
| Auteur principal: | |
|---|---|
| Format: | Inconnue |
| Langue: | English |
| Publié: |
Londres :
J. Murray,
1868.
|
| Sujets: | |
| Tags: |
Ajouter un tag
Pas de tags, Soyez le premier à ajouter un tag!
|
MARC
| LEADER | 000000000a22000000004500 | ||
|---|---|---|---|
| 001 | 014522 | ||
| 041 | 0 | |a eng | |
| 082 | 0 | 4 | |a 913.38 |b S663c |
| 100 | 1 | |a Smith, William, |d 1813-1893. | |
| 245 | 1 | 0 | |a Classical dictionary of biography, mythology, and geography = |b Un diccionario de la biografía clásica, la mitología y la geografía / |c William Smith. |
| 246 | 3 | 1 | |a Un diccionario de la biografía clásica, la mitología y la geografía |
| 260 | 1 | |a Londres : |b J. Murray, |c 1868. | |
| 300 | |a 1 páginas, [v]-vii, 823 páginas : |b ilustraciones ; |c 22 cm. | ||
| 650 | 4 | |a DICCIONARIOS CLASICOS | |
| 500 | |a Colección George Yúdice | ||
| 999 | |c 20409 |d 20409 | ||
| 942 | |c BK |h 913.38 S663c |2 z | ||
